Základné národohospodárske východiská stratégie priemyselnej politiky v SR.

Priemyselná politika a stratégia ako významná kategória makroekonomickej regulácie trhovej ekonomiky. Nevyhnutnosť štrukturálnej adaptácie slovenského priemyslu, zvýšenia jeho výkonnosti a konkurenčnej schopnosti. Komparácia štruktúry slovenského priemyslu s priemyslom vyspelých západoeurópskych kra...

Ausführliche Beschreibung

Gespeichert in:
Bibliographische Detailangaben
1. Verfasser: Outrata, Richard
Format: Buchkapitel
Sprache:Slowakisch
Schlagworte:
Tags: Tag hinzufügen
Keine Tags, Fügen Sie das erste Tag hinzu!

MARC

LEADER 00000naa a2200000 4500
001 r004002
005 20221125080733.4
041 0 |a slo 
044 |a [CS] 
245 1 0 |a Základné národohospodárske východiská stratégie priemyselnej politiky v SR.  |c Richard Outrata 
520 |a Priemyselná politika a stratégia ako významná kategória makroekonomickej regulácie trhovej ekonomiky. Nevyhnutnosť štrukturálnej adaptácie slovenského priemyslu, zvýšenia jeho výkonnosti a konkurenčnej schopnosti. Komparácia štruktúry slovenského priemyslu s priemyslom vyspelých západoeurópskych krajín a s ČR. Hodnotenie výkonnostnej pozície priemyslu SR. Identifikácia smerov štruktúrnych zmien v priemysle SR na základe ocenenia jeho východiskových pozícií. 
610 2 0 |a stratégia hospodárska 
610 2 0 |a politika priemyselná 
610 2 0 |a regulácia hospodárska 
610 2 0 |a zmeny štruktúrne 
610 2 0 |a priemysel 
610 2 0 |a Slovensko 
610 2 0 |a západná Európa 
610 2 0 |a Čechy 
100 1 |a Outrata, Richard